00702nam a2200205Ia 4500003000400000008004100004020002400045040000800069100002000077245010000097260004000197300001300237365001200250901002100262902003700283903005800320942001200378952008900390999001700479LDD181029s9999 xx 000 0 und d a8185589305c1295.00 cLDD aThangarajan, M. 0aGroundwaterbresources evaluation, augmentation, contamination, restoration, mocM. Thangarajan aNew DelhibCapital Publishingc2006 ax, 362p. b1295.00 a7488b01-09-2011 a320/11-12b08-09-2011cFdCBe63 aDiscount-15bReqst by : M. K. Salooja  2ddccBK 00102ddc4070997535aLDDbLDDl0o551.49 G918p080870r2018-11-01w2018-11-01yBK c97536d97536